[Event "ChessOrg Schachfestival 2025"]
[Site "Bad Woerishofen Open A"]
[Date "2025.03.21"]
[Round "1"]
[Board "1"]
[White "Hohlfeld, Wolfgang"]
[Black "Grigoryan, Karen H."]
[Result "0-1"]
[WhiteElo "2039"]
[BlackElo "2549"]
[PlyCount "36"]
[EventDate "2025.03.21"]
[EventRounds "9"]
[EventCountry "GER"]

1. e4 e6 2. d4 d5 3. exd5 exd5 4. Nf3 Bd6 5. c4 Nf6 6. Bd3 O-O 7. O-O dxc4 8. Bxc4
Bg4 9. h3 Bh5 10. Nc3 Nc6 11. Be3 h6 12. g4 Bg6 13. Qc1 Kh7 14. Bf4 Re8 15. Bxd6
Qxd6 16. Qd2 Ne4 17. Nxe4 Bxe4 18. Bd3 f5  0-1

[Event "ChessOrg Schachfestival 2025"]
[Site "Bad Woerishofen Open A"]
[Date "2025.03.21"]
[Round "1"]
[Board "2"]
[White "Wadsworth, Matthew J"]
[Black "Kreutz, Jonas"]
[Result "1-0"]
[WhiteElo "2491"]
[BlackElo "2039"]
[PlyCount "81"]
[EventDate "2025.03.21"]
[EventRounds "9"]
[EventCountry "GER"]

1. Nf3 Nf6 2. c4 g6 3. g3 Bg7 4. Bg2 O-O 5. d4 d6 6. Nc3 c5 7. d5 e6 8. O-O Re8 9.
Bf4 exd5 10. cxd5 a6 11. a4 Nh5 12. Bg5 Nf6 13. Qc1 Qc7 14. Bh6 Nbd7 15. Bxg7 Kxg7
16. Nd2 Rb8 17. Nce4 b5 18. axb5 axb5 19. Qc3 b4 20. Nxf6 Nxf6 21. Qd3 Bd7 22. b3
Bb5 23. Nc4 Nd7 24. f4 Bxc4 25. bxc4 f5 26. g4 Rf8 27. gxf5 Rxf5 28. e4 Rf7 29. e5
dxe5 30. d6 Qd8 31. Bd5 Rf6 32. Ra7 Kh8 33. Qh3 Nf8 34. Qh6 Nd7 35. Bc6 Rf7 36. Qh3
Rb6 37. Qe6 Qf6 38. Qe8+ Kg7 39. Rxd7 exf4 40. Rxf7+ Qxf7 41. d7  1-0

[Event "ChessOrg Schachfestival 2025"]
[Site "Bad Woerishofen Open A"]
[Date "2025.03.21"]
[Round "1"]
[Board "3"]
[White "Garifullina, Leya"]
[Black "Silva, Mariana"]
[Result "1/2-1/2"]
[WhiteElo "2446"]
[BlackElo "2036"]
[PlyCount "104"]
[EventDate "2025.03.21"]
[EventRounds "9"]
[EventCountry "GER"]

1. e4 c5 2. Nf3 Nc6 3. Bb5 g6 4. Bxc6 dxc6 5. d3 Qc7 6. h3 e5 7. Be3 f6 8. a4 a5
9. Na3 Be6 10. Nd2 O-O-O 11. Ndc4 Kb8 12. Qd2 b6 13. f4 Ka8 14. O-O exf4 15. Bxf4
Qa7 16. Qf2 h5 17. Qg3 h4 18. Qxg6 Bh6 19. Qh5 Bxf4 20. Qxh8 Bh6 21. Rf3 Rd7 22.
Rxf6 Bg7 23. Qh5 Nxf6 24. Qg6 Bg8 25. e5 Bh7 26. Qg5 Nd5 27. Qh5 Qc7 28. Qxh7 Bxe5
29. Qxh4 Bh2+ 30. Kh1 Bg3 31. Qh8+ Kb7 32. Qh5 Rh7 33. Qf3 Qg7 34. Rf1 Bb8 35. Nb5
Qd7 36. Nc3 Qc7 37. Kg1 Qh2+ 38. Kf2 Bg3+ 39. Ke2 Nf4+ 40. Kd1 Nxg2 41. Ne2 Bc7 42.
Qe4 Rxh3 43. Rg1 Nh4 44. Qg4 Rf3 45. Qe6 Ng2 46. d4 cxd4 47. Re1 Nxe1 48. Nxd4 Rf1
49. Qxc6+ Kb8 50. Qe8+ Kb7 51. Qe4+ Kb8 52. Qe8+ Kb7  1/2-1/2

[Event "ChessOrg Schachfestival 2025"]
[Site "Bad Woerishofen Open A"]
[Date "2025.03.21"]
[Round "1"]
[Board "4"]
[White "Pintor, Simao"]
[Black "Stefansson, Hannes"]
[Result "0-1"]
[WhiteElo "2031"]
[BlackElo "2444"]
[PlyCount "74"]
[EventDate "2025.03.21"]
[EventRounds "9"]
[EventCountry "GER"]

1. e4 c5 2. Nf3 Nc6 3. d4 cxd4 4. Nxd4 Nf6 5. Nc3 d6 6. Bg5 e6 7. Qd2 a6 8. O-O-O
Be7 9. Bxf6 gxf6 10. f4 Qc7 11. Be2 h5 12. Kb1 Bd7 13. Qe3 b5 14. Nxc6 Bxc6 15. Bf3
Qa7 16. Qe1 O-O-O 17. Ne2 Kb8 18. f5 Bd7 19. Qa5 Rc8 20. Nf4 exf5 21. Rhe1 fxe4 22.
Rxe4 Bf5 23. Nd5 Bd8 24. Qa3 Rc5 25. Re2 a5 26. Ne3 Bg6 27. Red2 Bb6 28. Nd5 Rhc8
29. Nxb6 Qxb6 30. Qe3 Qc7 31. Ka1 Bxc2 32. Re1 b4 33. Qd4 Bg6 34. a3 Rc1+ 35. Rxc1
Qxc1+ 36. Ka2 Qb1+ 37. Kb3 Bc2+  0-1

[Event "ChessOrg Schachfestival 2025"]
[Site "Bad Woerishofen Open A"]
[Date "2025.03.21"]
[Round "1"]
[Board "5"]
[White "Milov, Leonid"]
[Black "Woerl, Richard"]
[Result "1-0"]
[WhiteElo "2425"]
[BlackElo "2031"]
[PlyCount "67"]
[EventDate "2025.03.21"]
[EventRounds "9"]
[EventCountry "GER"]

1. e4 c5 2. Nf3 Nc6 3. Bb5 g6 4. O-O Bg7 5. c3 Nf6 6. Re1 O-O 7. h3 d6 8. d4 cxd4
9. cxd4 Bd7 10. Nc3 Rc8 11. e5 Ne8 12. Bg5 dxe5 13. dxe5 Nc7 14. Ba4 Ne6 15. Bh4
Nc5 16. Bxc6 bxc6 17. Qd4 Ne6 18. Qxa7 Rc7 19. Qa3 f6 20. exf6 exf6 21. Bg3 Rb7 22.
Rad1 Qc8 23. b3 Ng5 24. Nxg5 fxg5 25. Ne4 Bxh3 26. Nd6 Qg4 27. gxh3 Qxh3 28. Qc5
Rd7 29. Qxc6 Rfd8 30. Qd5+ Kf8 31. Qxg5 Bc3 32. Re3 Bg7 33. Rde1 Bd4 34. Qf4+  1-0

[Event "ChessOrg Schachfestival 2025"]
[Site "Bad Woerishofen Open A"]
[Date "2025.03.21"]
[Round "1"]
[Board "6"]
[White "Neiss, Josef Martin"]
[Black "Abergel, Thal"]
[Result "1/2-1/2"]
[WhiteElo "2028"]
[BlackElo "2424"]
[PlyCount "106"]
[EventDate "2025.03.21"]
[EventRounds "9"]
[EventCountry "GER"]

1. Nf3 d6 2. d4 Bg4 3. g3 Bxf3 4. exf3 c6 5. Bd3 d5 6. O-O e6 7. b3 Nf6 8. c3 Nbd7
9. a4 c5 10. Be3 cxd4 11. Bxd4 Be7 12. f4 O-O 13. b4 Qc7 14. a5 Bd6 15. Nd2 e5 16.
fxe5 Bxe5 17. Rc1 Bxd4 18. cxd4 Qd6 19. Qb3 a6 20. Rfe1 g6 21. Kg2 Kg7 22. Nf3 Rfc8
23. Qb2 Nf8 24. b5 axb5 25. Qxb5 Rc7 26. Rxc7 Qxc7 27. Rb1 Rxa5 28. Qxb7 Ra7 29.
Qb2 Ne6 30. Rc1 Qd6 31. Rc2 Qa3 32. Qxa3 Rxa3 33. Rd2 Ra4 34. Be2 Ne4 35. Rb2 Nxd4
36. Bd1 Ra1 37. Nxd4 Rxd1 38. Nf3 Ra1 39. Ne5 Ra7 40. f3 Nf6 41. g4 Re7 42. Nc6 Re6
43. Nd4 Ra6 44. Kf2 h5 45. g5 Nh7 46. h4 Ra7 47. Rb5 Rd7 48. Rb6 Nf8 49. Kg3 Rd8
50. Ra6 Kg8 51. Kf4 Rb8 52. Rd6 Rb4 53. Rxd5 Kg7  1/2-1/2

[Event "ChessOrg Schachfestival 2025"]
[Site "Bad Woerishofen Open A"]
[Date "2025.03.21"]
[Round "1"]
[Board "7"]
[White "Barp, Alberto"]
[Black "Zienkiewicz, Geoffroy"]
[Result "1-0"]
[WhiteElo "2424"]
[BlackElo "2026"]
[PlyCount "65"]
[EventDate "2025.03.21"]
[EventRounds "9"]
[EventCountry "GER"]

1. d4 d5 2. c4 c6 3. Nf3 Nf6 4. Qb3 e6 5. Bg5 Nbd7 6. e3 Be7 7. Nc3 O-O 8. Rc1 a6
9. c5 Re8 10. Bf4 Ng4 11. Be2 Bf6 12. h3 Nh6 13. O-O e5 14. dxe5 Nxe5 15. Rfd1 Nd7
16. Na4 Nf5 17. Qc2 Nh4 18. Nd4 Ng6 19. Bd6 Be5 20. Nf5 Qf6 21. Bxe5 Rxe5 22. Nd6
b5 23. Nxc8 Rxc8 24. Nb6 Nxb6 25. cxb6 Qe7 26. Bg4 Rb8 27. Qxc6 Qb7 28. Qxb7 Rxb7
29. Rc8+ Nf8 30. f4 Rxe3 31. Rxd5 h5 32. Bf3 Re1+ 33. Kh2  1-0

[Event "ChessOrg Schachfestival 2025"]
[Site "Bad Woerishofen Open A"]
[Date "2025.03.21"]
[Round "1"]
[Board "8"]
[White "Lucas, Michael"]
[Black "Wirig, Anthony"]
[Result "0-1"]
[WhiteElo "2021"]
[BlackElo "2421"]
[PlyCount "140"]
[EventDate "2025.03.21"]
[EventRounds "9"]
[EventCountry "GER"]

1. d4 Nf6 2. c4 e6 3. Nf3 d5 4. Nc3 Be7 5. cxd5 exd5 6. Bg5 c6 7. Qc2 g6 8. e3 Bf5
9. Bd3 Bxd3 10. Qxd3 Nbd7 11. O-O O-O 12. Rab1 a5 13. Nd2 Re8 14. Rfe1 Ne4 15. Bxe7
Qxe7 16. f3 Nxd2 17. Qxd2 Nf6 18. Re2 Rad8 19. Nd1 Qc7 20. Rc1 Re7 21. Nf2 Rde8 22.
Nd3 Nd7 23. g3 h5 24. Nf4 Qd8 25. Kf2 Nf8 26. Nd3 f6 27. Nf4 Kg7 28. Qc2 Qd6 29.
Rg1 Kf7 30. h4 f5 31. Nd3 Nd7 32. Rc1 Kg7 33. b3 Rf8 34. Qc3 Ra8 35. Nc5 Nxc5 36.
Qxc5 Qf6 37. f4 Qe6 38. Qc2 Qd6 39. Qc5 Qe6 40. Qc2 Qd6 41. Qc5 Qxc5 42. Rxc5 Kf6
43. a3 Ke6 44. Rec2 Kd6 45. Ke2 Rc7 46. Kd2 b6 47. R5c3 c5 48. a4 Re8 49. Kd3 Rce7
50. Kd2 Rc7 51. Kd3 Re4 52. Rc1 Rce7 53. Kd2 cxd4 54. Rc6+ Kd7 55. Rc7+ Ke8 56. Rxe7+
Kxe7 57. exd4 Rxd4+ 58. Ke2 Kd7 59. Rc3 Rb4 60. Kd2 d4 61. Rd3 Kd6 62. Kc2 Kd5 63.
Rd1 Ke4 64. Rd3 b5 65. axb5 Rxb5 66. Rd1 Rc5+ 67. Kd2 Rc3 68. Re1+ Re3 69. Ra1 Rxb3
70. Rxa5 Rxg3  0-1

[Event "ChessOrg Schachfestival 2025"]
[Site "Bad Woerishofen Open A"]
[Date "2025.03.21"]
[Round "1"]
[Board "9"]
[White "Pavlovic, Milos"]
[Black "Khassenov, Mansur"]
[Result "1-0"]
[WhiteElo "2402"]
[BlackElo "2015"]
[PlyCount "53"]
[EventDate "2025.03.21"]
[EventRounds "9"]
[EventCountry "GER"]

1. d4 Nf6 2. c4 e6 3. Nc3 Bb4 4. e3 c5 5. Bd3 Nc6 6. Nge2 d6 7. O-O O-O 8. a3 Bxc3
9. Nxc3 e5 10. d5 Ne7 11. Qc2 h6 12. Bd2 Ne8 13. f4 exf4 14. exf4 f5 15. Nd1 Nf6
16. Ne3 Nh5 17. Bc3 Bd7 18. Rae1 Rb8 19. g3 a6 20. Ng2 Nf6 21. Nh4 b5 22. b3 bxc4
23. bxc4 Nh7 24. Ba5 Qxa5 25. Rxe7 Ba4 26. Qe2 Qc3 27. Qe6+  1-0

[Event "ChessOrg Schachfestival 2025"]
[Site "Bad Woerishofen Open A"]
[Date "2025.03.21"]
[Round "1"]
[Board "10"]
[White "Henrich, David"]
[Black "Parvanyan, Ashot"]
[Result "1-0"]
[WhiteElo "2006"]
[BlackElo "2391"]
[PlyCount "73"]
[EventDate "2025.03.21"]
[EventRounds "9"]
[EventCountry "GER"]

1. c4 Nf6 2. Nc3 g6 3. e4 d6 4. g3 Bg7 5. Bg2 O-O 6. Nge2 c5 7. h3 Nc6 8. O-O Rb8
9. d3 a6 10. a4 Ne8 11. Be3 Nc7 12. d4 cxd4 13. Nxd4 Ne6 14. Nde2 Nc5 15. Rb1 Nb4
16. Nd5 Nxd5 17. cxd5 Bd7 18. b3 b5 19. axb5 Bxb5 20. Re1 Nd3 21. Rf1 Nb4 22. Re1
Rc8 23. Nd4 Bxd4 24. Qxd4 Nc2 25. Qb2 Nxe1 26. Bh6 f6 27. Rxe1 Re8 28. e5 dxe5 29.
Rxe5 Qc7 30. Re6 Qc3 31. Qa3 Kf7 32. Kh2 Qc2 33. Be3 Rc3 34. Qa5 Rxb3 35. h4 Qd1
36. Qc7 Qa1 37. Bc5  1-0

[Event "ChessOrg Schachfestival 2025"]
[Site "Bad Woerishofen Open A"]
[Date "2025.03.22"]
[Round "2"]
[Board "1"]
[White "Grigoryan, Karen H."]
[Black "Finn, Peter"]
[Result "1-0"]
[WhiteElo "2549"]
[BlackElo "2205"]
[PlyCount "77"]
[EventDate "2025.03.21"]
[EventRounds "9"]
[EventCountry "GER"]

1. e4 e6 2. d4 d5 3. Nc3 Nf6 (3... Nc6 4. exd5 exd5) 4. exd5 exd5 5. Bg5 Bb4 6. Qe2+
Qe7 7. Bxf6 gxf6 8. O-O-O Bxc3 9. Qxe7+ Kxe7 10. bxc3 Nd7 11. Ne2 Nb6 12. Nf4 Bf5
13. Bd3 Bxd3 14. cxd3 Rac8 15. Kd2 c5 16. Rb1 cxd4 17. cxd4 Rhd8 18. a4 Rc7 19. a5
Nc8 20. Rb5 Rcd7 21. Re1+ Kf8 22. Nh5 a6 23. Rb2 Na7 24. Nxf6 Rc7 25. Rc1 Rxc1 26.
Kxc1 Nc6 27. Rxb7 Nxa5 28. Rb6 Rc8+ 29. Kd2 Nc6 30. Rxa6 Nxd4 31. Nxd5 Rc2+ 32. Ke3
Nf5+ 33. Ke4 Rxf2 34. Rf6 Rxg2 35. Rxf5 Rxh2 36. Nf4 Rh1 37. Rh5 Re1+ 38. Kf5 Kg7
39. d4  1-0

[Event "ChessOrg Schachfestival 2025"]
[Site "Bad Woerishofen Open A"]
[Date "2025.03.22"]
[Round "2"]
[Board "2"]
[White "De Francesco, Klaus"]
[Black "Wadsworth, Matthew J"]
[Result "0-1"]
[WhiteElo "2190"]
[BlackElo "2491"]
[PlyCount "108"]
[EventDate "2025.03.21"]
[EventRounds "9"]
[EventCountry "GER"]

1. e4 c6 2. d4 d5 3. e5 Bf5 4. c4 e6 5. Nc3 Bb4 6. Nf3 Ne7 7. h3 O-O 8. Bd2 c5 9.
a3 Bxc3 10. Bxc3 Nd7 11. Be2 Rc8 12. Rc1 dxc4 13. Bxc4 cxd4 14. Bxd4 Nc6 15. Bc3
Be4 16. Qe2 Bxf3 17. gxf3 Qg5 18. Qe3 Ncxe5 19. Qxg5 Nxf3+ 20. Ke2 Nxg5 21. Bb4 Nc5
22. Rcg1 Nge4 23. f3 Nd6 24. Ba2 Nf5 25. Bb1 Rfd8 26. Rg4 Nb3 27. Bc3 Nbd4+ 28. Kf2
g6 29. a4 h5 30. Re4 Nb3 31. Rb4 Nc5 32. Re1 b6 33. a5 bxa5 34. Rb5 Nd3+ 35. Bxd3
Rxd3 36. Rxa5 Rc7 37. Rea1 Nd4 38. Rxa7 Rxa7 39. Rxa7 Rxf3+ 40. Kg2 Rd3 41. Rd7 e5
42. Re7 f6 43. h4 Ne2 44. Rc7 Nxc3 45. bxc3 Kf8 46. c4 Rd4 47. Kg3 Rg4+ 48. Kh2 e4
49. Rc8+ Kf7 50. Rc7+ Ke6 51. Rc8 Kd7 52. Rc5 e3 53. Rd5+ Kc6 54. Rd3 Re4  0-1

[Event "ChessOrg Schachfestival 2025"]
[Site "Bad Woerishofen Open A"]
[Date "2025.03.22"]
[Round "2"]
[Board "3"]
[White "Santiago, Yago De Moura"]
[Black "Schmuecker, Marcus"]
[Result "1-0"]
[WhiteElo "2466"]
[BlackElo "2183"]
[PlyCount "63"]
[EventDate "2025.03.21"]
[EventRounds "9"]
[EventCountry "GER"]

1. d4 Nf6 2. c4 e6 3. Nc3 Bb4 4. g3 Bxc3+ 5. bxc3 O-O 6. Bg2 d6 7. Nf3 Nc6 8. Qd3
e5 9. Nd2 Bd7 10. O-O Qe7 11. e4 Rae8 12. f4 exf4 13. gxf4 Nh5 14. Nb3 f5 15. e5
dxe5 16. fxe5 f4 17. Bd2 Qg5 18. Nc5 Bf5 19. Qf3 Nxe5 20. dxe5 Rxe5 21. Qf2 Bh3 22.
Nd3 Bxg2 23. Qxg2 Qxg2+ 24. Kxg2 Re2+ 25. Rf2 f3+ 26. Kf1 Rd8 27. Rxe2 Rxd3 28. Rf2
Nf6 29. Be1 Ne4 30. Rb2 b6 31. a4 a5 32. Rb5  1-0

[Event "ChessOrg Schachfestival 2025"]
[Site "Bad Woerishofen Open A"]
[Date "2025.03.22"]
[Round "2"]
[Board "4"]
[White "Stefansson, Hannes"]
[Black "Grebennikov, Nikolai A."]
[Result "1-0"]
[WhiteElo "2444"]
[BlackElo "2176"]
[PlyCount "87"]
[EventDate "2025.03.21"]
[EventRounds "9"]
[EventCountry "GER"]

1. e4 c5 2. Nf3 e6 3. d4 cxd4 4. Nxd4 Nc6 5. Nc3 Nf6 6. Be2 Bb4 7. O-O Bxc3 8. bxc3
Nxe4 9. Nxc6 dxc6 10. Bd3 Nf6 11. Ba3 Qa5 12. Qc1 c5 13. Rb1 b6 14. Rb3 O-O 15. c4
Qa4 16. Bb2 e5 17. Bxe5 Qc6 18. Be2 Bg4 19. Bxf6 Bxe2 20. Bxg7 Kxg7 21. Rg3+ Kh8
22. Qg5 Qg6 23. Qe5+ f6 24. Qxe2 Rae8 25. Qd2 Rd8 26. Qe3 Qf7 27. Rg4 Rfe8 28. Qc3
Re2 29. Rf4 Rd6 30. h3 Qe7 31. a4 Qe5 32. Qf3 Kg7 33. Rf5 Qe7 34. Rd5 Rde6 35. Qg3+
Kf8 36. Kh2 Re1 37. Rxe1 Rxe1 38. Qb8+ Kg7 39. Qc8 Kh6 40. Qg4 Qe8 41. a5 bxa5 42.
Rxc5 Qb8+ 43. f4 Qe8 44. Rg5  1-0

[Event "ChessOrg Schachfestival 2025"]
[Site "Bad Woerishofen Open A"]
[Date "2025.03.22"]
[Round "2"]
[Board "5"]
[White "Nissinen, Niilo Man"]
[Black "Milov, Leonid"]
[Result "0-1"]
[WhiteElo "2178"]
[BlackElo "2425"]
[PlyCount "80"]
[EventDate "2025.03.21"]
[EventRounds "9"]
[EventCountry "GER"]

1. e4 c5 2. Nf3 e6 3. d4 cxd4 4. Nxd4 Nc6 5. Nc3 Qc7 6. Be3 a6 7. Qf3 h5 8. Nxc6
Qxc6 9. O-O-O b5 10. Bd3 Bb7 11. Rhe1 Nf6 12. Bd4 Be7 13. Qg3 b4 14. Nd5 exd5 15.
exd5 Nxd5 16. Be4 Qh6+ 17. Kb1 O-O 18. Qf3 Qg5 19. h4 Qg4 20. Bxd5 Qxf3 21. Bxf3
Bxf3 22. gxf3 Rfe8 23. Re4 Bf8 24. Be3 Rxe4 25. fxe4 Re8 26. Rxd7 Rxe4 27. Rd8 f6
28. a4 Kf7 29. Ra8 Rxh4 30. Rxa6 Re4 31. Ra7+ Re7 32. Ra8 h4 33. a5 h3 34. Rd8 Re6
35. Rd1 g5 36. Bb6 Rc6 37. Ka2 Bc5 38. Bxc5 Rxc5 39. Kb3 Rxa5 40. Kxb4 Rf5  0-1

[Event "ChessOrg Schachfestival 2025"]
[Site "Bad Woerishofen Open A"]
[Date "2025.03.22"]
[Round "2"]
[Board "6"]
[White "Paragua, Megan Althea"]
[Black "Barp, Alberto"]
[Result "1/2-1/2"]
[WhiteElo "2166"]
[BlackElo "2424"]
[PlyCount "96"]
[EventDate "2025.03.21"]
[EventRounds "9"]
[EventCountry "GER"]

1. d4 Nf6 2. Nf3 e6 3. e3 b6 4. Be2 Bb7 5. O-O c5 6. b3 Be7 7. Bb2 O-O 8. Nbd2 cxd4
9. exd4 d6 10. c4 Nc6 11. Rc1 Rc8 12. a3 d5 13. Ne5 dxc4 14. Nxc6 Bxc6 15. bxc4 Qd7
16. Bf3 Rfd8 17. Qe2 Qb7 18. Rfe1 Kf8 19. Bxc6 Rxc6 20. Nf3 Rc7 21. Rc2 Rdc8 22.
Rec1 Qe4 23. Kf1 Qf5 24. Qe5 Qxe5 25. Nxe5 Bd6 26. Nd3 h5 27. g3 Be7 28. Ke2 Ne4
29. Ne5 Bf6 30. Kd3 Nd6 31. c5 bxc5 32. Rxc5 Ne8 33. Nd7+ Ke7 34. Nxf6 gxf6 35. Rxc7+
Rxc7 36. Rxc7+ Nxc7 37. Bc3 Kd6 38. Kc4 Kc6 39. h3 f5 40. Bd2 Nb5 41. Bb4 Nc7 42.
Bd2 Nd5 43. Ba5 Nf6 44. f3 Nd5 45. Bd2 Nb6+ 46. Kd3 Kd5 47. Bb4 Nc4 48. Be7 a6  1/2-1/2

[Event "ChessOrg Schachfestival 2025"]
[Site "Bad Woerishofen Open A"]
[Date "2025.03.22"]
[Round "2"]
[Board "7"]
[White "Wirig, Anthony"]
[Black "Vrana, Frantisek"]
[Result "1-0"]
[WhiteElo "2421"]
[BlackElo "2128"]
[PlyCount "68"]
[EventDate "2025.03.21"]
[EventRounds "9"]
[EventCountry "GER"]

1. d4 Nf6 2. c4 c6 3. Nc3 d6 4. e4 e5 5. d5 Be7 6. f3 Nh5 7. Be3 c5 8. Qd2 h6 9.
g3 Bg5 10. Bh3 Nd7 11. Bxd7+ Bxd7 12. Nge2 Bxe3 13. Qxe3 Qg5 14. Kd2 Qxe3+ 15. Kxe3
g6 16. g4 Ng7 17. Rhg1 a6 18. a4 a5 19. h4 f6 20. Ra3 Ke7 21. Rb3 Rab8 22. Rb6 Ne8
23. g5 hxg5 24. hxg5 fxg5 25. Rxg5 Kf6 26. Rg1 g5 27. Ng3 g4 28. f4 Rh3 29. fxe5+
Kxe5 30. Nce2 Kf6 31. Nf4 Rh2 32. e5+ Kxe5 33. Rf1 Kf6 34. Ne6+ Kg6  1-0

[Event "ChessOrg Schachfestival 2025"]
[Site "Bad Woerishofen Open A"]
[Date "2025.03.22"]
[Round "2"]
[Board "8"]
[White "Harestad, Thor Geir"]
[Black "Pavlovic, Milos"]
[Result "0-1"]
[WhiteElo "2126"]
[BlackElo "2402"]
[PlyCount "64"]
[EventDate "2025.03.21"]
[EventRounds "9"]
[EventCountry "GER"]

1. d4 e6 2. Nf3 c5 3. g3 Nf6 4. Bg2 Nc6 5. O-O cxd4 6. Nxd4 Bc5 7. Nb3 Be7 8. e4
O-O 9. Nc3 d6 10. Qe2 Qc7 11. f4 a6 12. Be3 b5 13. g4 b4 14. Nd1 a5 15. Nf2 Ba6 16.
Nd3 d5 17. e5 Ne4 18. Nd2 Nc5 19. Nf3 Rac8 20. Rad1 a4 21. Nfe1 Ne4 22. Rf3 a3 23.
Rb1 Na5 24. Rh3 Nc4 25. Bc1 axb2 26. Bxe4 dxe4 27. Qxe4 h6 28. Bxb2 Nd2 29. Qg2 Qb6+
30. Nf2 Bb7 31. Qg3 Ne4 32. Qe3 Bc5  0-1

[Event "ChessOrg Schachfestival 2025"]
[Site "Bad Woerishofen Open A"]
[Date "2025.03.22"]
[Round "2"]
[Board "9"]
[White "Dittmar, Peter"]
[Black "Smith, Bryan"]
[Result "0-1"]
[WhiteElo "2110"]
[BlackElo "2365"]
[PlyCount "128"]
[EventDate "2025.03.21"]
[EventRounds "9"]
[EventCountry "GER"]

1. d4 Nf6 2. Nc3 d5 3. Bf4 g6 4. e3 Bg7 5. Nf3 O-O 6. Be2 c5 7. dxc5 Qa5 8. Nd4
Qxc5 9. Nb3 Qb6 10. Nb5 Na6 11. O-O Bd7 12. a4 Ne4 13. a5 Qf6 14. Qxd5 Bc6 15. Qc4
e5 16. Bg3 h5 17. Bd3 Nxg3 18. hxg3 Qe7 19. Be4 Qb4 20. Qxb4 Nxb4 21. Bxc6 bxc6 22.
Na3 e4 23. Rab1 Rfd8 24. c3 Nd3 25. Nc4 Rd5 26. Nbd2 f5 27. Rfd1 Rb8 28. Kf1 Rdb5
29. Kg1 Kf8 30. f3 exf3 31. Nxf3 Nxb2 32. Nxb2 Rxb2 33. Rxb2 Rxb2 34. Nd4 Bh6 35.
Rd3 c5 36. Ne6+ Ke7 37. Nxc5 Rb5 38. Na6 Rxa5 39. Nb4 Ke6 40. Kf2 Rc5 41. Nc2 Bg7
42. Nd4+ Ke7 43. Ne2 a5 44. Rd2 a4 45. Ra2 Ra5 46. Nd4 Kd6 47. c4 Ra6 48. Ke2 Kc5
49. Kd3 a3 50. Kc3 g5 51. Kb3 Bxd4 52. exd4+ Kxd4 53. Rd2+ Ke3 54. Ra2 Kd3 55. c5
Kd4 56. Kb4 Ra8 57. c6 Kd5 58. c7 Rc8 59. Rxa3 Rxc7 60. Rf3 Ke4 61. Rf2 f4 62. gxf4
gxf4 63. Kb3 h4 64. Kb2 h3  0-1

[Event "ChessOrg Schachfestival 2025"]
[Site "Bad Woerishofen Open A"]
[Date "2025.03.22"]
[Round "2"]
[Board "10"]
[White "Besou, Hussain"]
[Black "Alvarez Poves, Jesus"]
[Result "1-0"]
[WhiteElo "2362"]
[BlackElo "2120"]
[PlyCount "63"]
[EventDate "2025.03.21"]
[EventRounds "9"]
[EventCountry "GER"]

1. e4 c5 2. Nf3 e6 3. d4 cxd4 4. Nxd4 Nf6 5. Nc3 Nc6 6. Be2 Bb4 7. O-O O-O 8. Nxc6
bxc6 9. e5 Nd5 10. Ne4 f5 11. Nd6 Bxd6 12. exd6 Qb6 13. c4 Nf6 14. b3 c5 15. Bf4
Bb7 16. Qd3 a5 17. Qe3 Bc6 18. Rab1 Be4 19. Rb2 Qb4 20. f3 Bc6 21. Qe5 Rfc8 22. Bg5
Ne8 23. g4 g6 24. Bd2 Qb8 25. Bc3 Qxd6 26. Qh8+ Kf7 27. Qxh7+ Kf8 28. f4 Qe7 29.
Qxg6 Qh4 30. gxf5 Ra7 31. Bh5 d6 32. f6  1-0

[Event "ChessOrg Schachfestival 2025"]
[Site "Bad Woerishofen Open A"]
[Date "2025.03.23"]
[Round "3"]
[Board "1"]
[White "Arnold, Max"]
[Black "Grigoryan, Karen H."]
[Result "1-0"]
[WhiteElo "2346"]
[BlackElo "2549"]
[PlyCount "131"]
[EventDate "2025.03.21"]
[EventRounds "9"]
[EventCountry "GER"]

1. e4 c6 2. d4 d5 3. exd5 cxd5 4. Bd3 Nc6 5. c3 Nf6 6. Bf4 Bg4 7. Qb3 Qd7 8. Nd2
e6 9. Ngf3 Bd6 10. Bxd6 Qxd6 11. O-O Rb8 12. Rfe1 Bxf3 13. Nxf3 Nd7 14. Qc2 g6 15.
Qd2 O-O 16. h4 Rfe8 17. Rad1 Qe7 18. Qf4 Qf6 19. Qc7 Nb6 20. Bb5 Rec8 21. Qg3 Nd7
22. h5 a6 23. Bf1 Ne7 24. h6 Kh8 25. Ne5 Nf8 26. Qg5 Ng8 27. Qxf6+ Nxf6 28. Nxf7+
Kg8 29. Ng5 Rc6 30. g3 b5 31. Bh3 b4 32. Rd3 bxc3 33. Rxc3 Rxc3 34. bxc3 Rb6 35.
a4 a5 36. Kg2 Rc6 37. Re3 Ne4 38. Nxe4 dxe4 39. Rxe4 Kf7 40. Re5 Rxc3 41. Rxa5 Rc4
42. Ra7+ Kf6 43. Ra8 Ke7 44. Kf3 Rxd4 45. Ke3 Rb4 46. a5 Rb3+ 47. Kd4 Rb2 48. a6
Rxf2 49. a7 Ra2 50. Bg2 Nd7 51. Bc6 e5+ 52. Kc3 Nf6 53. Kb3 Ra6 54. Bb5 Ra5 55. Kb4
Ra1 56. Kb3 Ra5 57. Kb4 Ra1 58. Ba4 Nd5+ 59. Kc5 Nc7 60. Rc8 Rc1+ 61. Kb6 Nd5+ 62.
Kb7 Rxc8 63. Kxc8 Kd6 64. Bc2 Kc5 65. Bxg6 hxg6 66. h7  1-0

[Event "ChessOrg Schachfestival 2025"]
[Site "Bad Woerishofen Open A"]
[Date "2025.03.23"]
[Round "3"]
[Board "2"]
[White "Wadsworth, Matthew J"]
[Black "Ohler, Julius"]
[Result "1-0"]
[WhiteElo "2491"]
[BlackElo "2300"]
[PlyCount "67"]
[EventDate "2025.03.21"]
[EventRounds "9"]
[EventCountry "GER"]

1. d4 Nf6 2. c4 e6 3. Nc3 d5 4. cxd5 exd5 5. Bg5 Bb4 6. e3 h6 7. Bh4 g5 8. Bg3 Ne4
9. a3 Bxc3+ 10. bxc3 h5 11. f3 Nxg3 12. hxg3 Qd6 13. g4 h4 14. Nh3 Rg8 15. Bd3 Be6
16. Qb1 b6 17. O-O c5 18. e4 Nc6 19. e5 Qe7 20. Bb5 Rc8 21. a4 a5 22. Ra2 Kd8 23.
Bxc6 Rxc6 24. Rb2 Kc7 25. Qh7 Qf8 26. f4 Rh8 27. Qd3 Bxg4 28. fxg5 c4 29. Qe3 Qg7
30. Rbf2 Be6 31. Nf4 Rh7 32. Qf3 Qxg5 33. Nxd5+ Kb7 34. Nf6  1-0

[Event "ChessOrg Schachfestival 2025"]
[Site "Bad Woerishofen Open A"]
[Date "2025.03.23"]
[Round "3"]
[Board "3"]
[White "Dixit, Arun"]
[Black "Santiago, Yago De Moura"]
[Result "0-1"]
[WhiteElo "2279"]
[BlackElo "2466"]
[PlyCount "112"]
[EventDate "2025.03.21"]
[EventRounds "9"]
[EventCountry "GER"]

1. d4 d5 2. c4 dxc4 3. Nf3 a6 4. e3 b5 5. a4 Bb7 6. b3 Nf6 7. axb5 axb5 8. Rxa8
Bxa8 9. bxc4 bxc4 10. Bxc4 e6 11. O-O Be7 12. Nc3 O-O 13. Qe2 Nbd7 14. Rd1 Bb4 15.
Bd2 Qe7 16. Ne1 c5 17. Na2 Bxd2 18. Qxd2 Ne4 19. Qb2 Rb8 20. Qe2 cxd4 21. exd4 Ndf6
22. f3 Nd6 23. Bd3 Rd8 24. Nc3 Qc7 25. Nb5 Qb6 26. Nxd6 Rxd6 27. Nc2 Bc6 28. Kh1
Rd8 29. Qd2 Ba4 30. Ra1 Bxc2 31. Bxc2 g6 32. Rb1 Qxd4 33. Qxd4 Rxd4 34. Kg1 Rd2 35.
Bb3 Kg7 36. Bc4 g5 37. Re1 Nd7 38. h4 gxh4 39. Re4 h3 40. gxh3 Nf6 41. Re5 Kg6 42.
f4 Rd4 43. f5+ exf5 44. Rc5 Ne4 45. Rc7 Ng5 46. Rc6+ f6 47. Bf1 h5 48. Rc8 Rd2 49.
Bg2 f4 50. Rg8+ Kf5 51. Rh8 f3 52. Bf1 Kf4 53. h4 Kg3 54. hxg5 Rd1 55. g6 f2+ 56.
Kh1 Rxf1#  0-1

[Event "ChessOrg Schachfestival 2025"]
[Site "Bad Woerishofen Open A"]
[Date "2025.03.23"]
[Round "3"]
[Board "4"]
[White "Lindh, Fredrik"]
[Black "Wirig, Anthony"]
[Result "0-1"]
[WhiteElo "2264"]
[BlackElo "2421"]
[PlyCount "64"]
[EventDate "2025.03.21"]
[EventRounds "9"]
[EventCountry "GER"]

1. e4 c6 2. d4 d5 3. e5 Bf5 4. Nd2 e6 5. Nb3 Nd7 6. Nf3 Ne7 7. Be2 Ng6 8. h4 h5 9.
Bg5 f6 10. exf6 gxf6 11. Be3 Qe7 12. Nfd2 Qh7 13. c4 a5 14. cxd5 exd5 15. Nf1 Bd6
16. Rc1 Be4 17. Bf3 f5 18. Bg5 Nf4 19. Bxf4 Bxf4 20. Ne3 Bd6 21. Bxe4 fxe4 22. Nc5
Nxc5 23. dxc5 Be5 24. Rc2 O-O 25. O-O Rae8 26. Re2 Rf4 27. g3 Rf3 28. Nxd5 Rd3 29.
Qxd3 exd3 30. Rxe5 Rxe5 31. Nf6+ Kg7 32. Nxh7 d2  0-1